00876nam a22002177a 4500999001700000003000900017008004100026040007100067082002100138100002200159245009500181260003100276300002800307505013400335650002100469650001900490650001800509942001600527945002000543952009500563 c17293d17293AR-CdUCM190508b ||||| |||| 00| 0 spa d aMUNICIPALIDAD PROVINCIAL DEL CUSCOcBIBLIOTECA MUNICIPAL DEL CUSCO 25ed.a192 /bR96 aRussell, Bertrand aPor que no soy cristiano :bY otros ensayos sobe asuntos relacionados con la religión /  aMéxico :bHermes,c1965. a251 páginas ;c21 cm. aContenido : Por que no soy cristiano -- ¿A hecho la religión contribuciones útiles a la civilización? -- Lo que creo ...  aReligión91195 aIdealismo9695 aHistoria9136 2ddccLIBROS arahd08/05/2019 002ddc4070aSHbSHcCARTd2019-05-08g30.00o192 / R96pSH0000012203r2019-05-08yLIBROS